Football - Vainqueurs des Coupes d'Europe - Statistiques

Statistiques générales
  • Ce quiz a été pris 513 fois
    319 depuis la dernière actualisation
  • Le résultat moyen est 37 sur 65
Statistiques - réponses
Titre(s) Pays Club % Correct
12 Espagne FC Barcelone
99%
17 Espagne Real Madrid
98%
9 Italie AC Milan
97%
1 France Olympique de Marseille
97%
8 Allemagne Bayern Munich
96%
6 Italie Inter Milan
95%
6 Pays-Bas Ajax Amsterdam
94%
6 Italie Juventus Turin
94%
9 Angleterre Liverpool
94%
5 Angleterre Manchester United
93%
6 Angleterre Chelsea
91%
4 Portugal FC Porto
89%
7 Espagne FC Séville
88%
4 Espagne Atlético Madrid
87%
2 Portugal SL Benfica
83%
2 Angleterre Manchester City
82%
2 Pays-Bas PSV Eindhoven
79%
2 Angleterre Arsenal
78%
2 Allemagne Borussia Dortmund
78%
1 France Paris Saint-Germain
77%
4 Espagne FC Valence
75%
3 Pays-Bas Feyenoord
71%
1 Écosse Celtic Glasgow
70%
1 Angleterre Aston Villa
66%
1 Italie Naples
65%
1 Italie Lazio Rome
64%
1 Serbie Étoile Rouge Belgrade
63%
1 Portugal Sporting CP
63%
2 Ukraine Dynamo Kiev
62%
2 Angleterre Nottingham Forest
62%
3 Angleterre Tottenham Hotspur
62%
3 Belgique RSC Anderlecht
59%
1 Turquie Galatasaray
58%
1 Écosse Glasgow Rangers
57%
1 Italie AS Rome
55%
1 Allemagne Bayer Leverkusen
53%
2 Allemagne Hambourg SV
53%
1 Italie Atalanta Bergame
47%
1 Grèce Olympiakos
47%
3 Italie Parme
47%
1 Croatie Dinamo Zagreb
46%
1 Italie Fiorentina
45%
1 Espagne Villarreal CF
44%
1 Russie Zénit Saint-Pétersbourg
43%
1 Russie CSKA Moscou
40%
1 Angleterre West Ham United
40%
2 Allemagne Eintracht Francfort
39%
1 Allemagne FC Schalke 04
36%
1 Angleterre FC Everton
34%
1 Allemagne Werder Brême
34%
1 Angleterre Newcastle United
33%
2 Suède IFK Göteborg
29%
2 Angleterre Leeds United
27%
1 Slovaquie SK Slovan Bratislava
27%
1 Écosse Aberdeen FC
25%
2 Allemagne Borussia Mönchengladbach
25%
1 Italie Sampdoria Gênes
23%
1 Géorgie SK Dinamo Tbilissi
23%
1 Ukraine Shakhtar Dontesk
21%
1 Hongrie Ferencvaros
19%
1 Angleterre Ipswich Town
13%
2 Espagne Real Saragosse
13%
1 Roumanie Fotbal Club FCSB
12%
1 Allemagne FC Magdeburg
8%
1 Belgique KV Mechelen
4%
Aucun quiz correspondant
Distribution des résultats
% des personnes avec chaque résultat
Percentile par nombre de réponses
Votre historique - résultats
Vous n’avez pas pris ce quiz depuis la dernière actualisation